Indian economy: For civil services and other competitive examinations (Record no. 8407)

MARC details
000 -LEADER
fixed length control field 00521nam a2200181Ia 4500
008 - FIXED-LENGTH DATA ELEMENTS--GENERAL INFORMATION
fixed length control field 230917s9999||||xx |||||||||||||| ||und||
020 ## - ISBN
Price RS 725.00
040 ## - CATALOGING SOURCE
-- 5007289
Original cataloging agency VIVEKANANDA LIBRARY
041 ## - Language
-- English
082 ## - DDC NUMBER
Classification number 330.954 S64I(3)
100 ## - MAIN ENTRY--PERSONAL NAME
Personal name Singhania, Nitin
245 #0 - TITLE STATEMENT
Title Indian economy: For civil services and other competitive examinations
250 ## - EDITION STATEMENT
Edition statement 3rd ed.
260 ## - PUBLICATION, DISTRIBUTION, ETC. (IMPRINT)
Place of publication, distribution, etc Chennai
Name of publisher, distributor, etc McGraw Hill Education
Date of publication, distribution, etc 2022
300 ## - PHYSICAL DESCRIPTION
Pages v. p.
500 ## - GENERAL NOTE
General note 5001 05/01/2023 HBD22/9605 26/12/2022 Main Budget
942 ## - ADDED ENTRY ELEMENTS (KOHA)
Koha item type Books
Holdings
Withdrawn status Lost status Damaged status Not for loan Location (home branch) Sublocation or collection (holding branch) Date acquired Koha issues (times borrowed) Koha full call number Accession No. Koha date last seen Koha item type Source of classification or shelving scheme Shelving location
        VIVEKANANDA LIBRARY VIVEKANANDA LIBRARY 14/01/2023 14 330.954 S64I(3) 401949 14/11/2025 Books    
        VIVEKANANDA LIBRARY VIVEKANANDA LIBRARY 14/01/2023 15 330.954 S64I(3) 401950 14/04/2026 Books    
        VIVEKANANDA LIBRARY VIVEKANANDA LIBRARY 14/01/2023 19 330.954 S64I(3) 403129 21/04/2026 Books    
        VIVEKANANDA LIBRARY VIVEKANANDA LIBRARY 14/01/2023 24 330.954 S64I(3) 403130 24/04/2026 Books    
        VIVEKANANDA LIBRARY VIVEKANANDA LIBRARY 14/01/2023 27 330.954 S64I(4) 403131 17/04/2026 Books Dewey Decimal Classification Vivekananda Library
© Designed and Maintained by Vivekananda Library, MDU Rohtak